The journal of research in business education

Bibliographic Details
Previous Title:Delta Pi Epsilon. Delta Pi Epsilon journal
Corporate Author: Association for Research in Business Education--Delta Pi Epsilon
Format: Electronic Journal
Language:English
Published: Reston, Va. : Association for Research in Business Education--Delta Pi Epsilon, 2013-
Subjects:
Online Access:Full text available from Research Library: 01/01/2008 to 01/31/2017

MARC

LEADER 00000nas a2200000 a 4500
001 ssj0001343329
003 WaSeSS
005 20200512172242.0
006 m d
007 cr n
008 131029c20139999vauqr p s 0 0eng c
010 |a  2013249039 
035 |a (WaSeSS)ssj0001343329 
037 |b Delta Pi Epsilon National Office, National Business Education Association, 1914 Association Drive, Reston, Va. 20191 
040 |a OUN  |b eng  |c OUN  |d OUN  |d ZYU  |d OCLCQ  |d OCLCO  |d OCLCF  |d GUA  |d AU@  |d OCLCO  |d IAA  |d OCLCQ  |d WaSeSS 
042 |a pcc 
050 1 4 |a LJ121.D35  |b D44a 
245 0 4 |a The journal of research in business education  |h [electronic resource]. 
246 3 |a Research in business education 
260 |a Reston, Va. :  |b Association for Research in Business Education--Delta Pi Epsilon,  |c 2013- 
310 |a Quarterly 
362 1 |a Began with: Vol. 55, no. 1 (spring/summer 2013). 
500 |a "Promoting excellence in research and teaching for business." 
506 |a License restrictions may limit access. 
515 |a Some no. combined. 
550 |a Official publication of: the Association for Research in Business Education--Delta Pi Epsilon, Inc. 
588 |a Description based on: Vol. 55, no. 1 (spring/summer 2013); title from cover. 
650 0 |a Business education  |v Periodicals. 
650 7 |a Business education.  |2 fast  |0 (OCoLC)fst00842480 
655 0 |a Electronic journals. 
710 2 |a Association for Research in Business Education--Delta Pi Epsilon. 
780 0 0 |a Delta Pi Epsilon.  |t Delta Pi Epsilon journal  |x 0011-8052  |w (DLC)sn 78004306  |w (OCoLC)1566126 
856 4 0 |z Full text available from Research Library: 01/01/2008 to 01/31/2017  |u https://search.proquest.com/publication/34490